000 00561cam a2200205 4500
001 2652573
005 20180223081256.0
008 690314s1969 mau b 001 0 eng
010 _a 69014527
040 _aDLC
_cDLC
_dDLC
041 _aeng
080 _a370..973 dea
082 0 0 _a370..973 dea
100 _a48
101 _aedu
245 0 0 _aFoundations of American Education;
_c[edited by] James A. Johnson [and others]
504 _aIncludes bibliographies.
906 _a7
_bcbc
_corignew
_du
_encip
_f19
_gy-gencatlg
942 _2ddc
_cBK
999 _c43294
_d43294